000 00641nam a2200193 i 4500
001 129856
003 ES-MaACL
005 20250826051217.0
007 t|
008 070709s1950 sp ||||1| spa d
100 1 _aZubizarreta Gutiérrez, José.
_9118418
245 1 0 _aPrincipios generales de hacienda pública /
_cresumen de las explicaciones de... José Zubizarreta Gutiérrez.
260 _aMadrid :
_b[s.n.],
_c1950 (
_fDiana Artes Gráfs.)
300 _a465 p. ;
_c19 cm.
650 7 _aHacienda pública
_2embne
_913279
852 _aES-MaACL
_jD-6121
_bR.29466
852 _aES-MaACL
_jC-9696
_bR.37277
999 _c129856
_d129856